|
|
|
|
| LEADER |
00000nam a22000007a 4500 |
| 005 |
2016120407427.0 |
| 007 |
cr|||| |||| |
| 008 |
161204s2015 co |||||s|||| 00||0 spa d |
| 020 |
|
|
|a 978-958-738-684-4
|
| 035 |
|
|
|a 14567
|
| 040 |
|
|
|a vLex
|
| 090 |
|
|
|c 6410
|d 6410
|
| 100 |
1 |
|
|a Lp̤ez Martn̕ez, Miguel Andrš
|
| 245 |
1 |
0 |
|a Responsabilidad del Estado frente al desplazamiento forzado
|h [Recurso electrn̤ico] /
|c Miguel Andrš Lp̤ez Martn̕ez
|
| 256 |
|
|
|a Servicio en ln̕ea
|
| 260 |
|
|
|a Bogot:̀
|b Editorial Universidad de Rosario (Colombia),
|c 2015
|
| 300 |
|
|
|a 1 recurso electrn̤ico
|
| 500 |
|
|
|a Esta obra presenta los resultados de una investigacin̤ cuyo props̤ito fue hacer una exploracin̤ de los conceptos de la responsabilidad patrimonial del Estado a la luz de las propuestas de expertos en desplazamiento forzado (investigadores y organizaciones dedicadas a la investigacin̤ social en temas relativos al desplazamiento), para evidenciar sus alcances frente a los retos que le plantea esta problemt̀ica y, asimismo, establecer si es necesario que el juez de la responsabilidad estatal busque apoyo en aquellos acadm̌icos a la hora de definir las pretensiones de reparacin̤ de las vc̕timas de este flajelo, en el marco de acciones que persiguen la declaracin̤ de responsabilidad estatal.
|
| 506 |
1 |
|
|a Disponible solo en los productos indicados
|d vLex Global
|d vLex Global (Academic Edition, excluding Law Schools)
|d vLex Global (U.S. Academic Edition, Law Schools)
|d vLex Global (U.S. Academic Edition, excluding Law Schools)
|d vLex Global (Academic Edition, Law Schools)
|
| 650 |
0 |
4 |
|a Derecho Civil
|z Colombia
|
| 740 |
0 |
|
|a vLex Libros (Servicio en ln̕ea)
|
| 856 |
4 |
0 |
|u http://vlex.com/source/responsabilidad-del-estado-frente-al-desplazamiento-forzado-14567
|z Acceso restringido
|
| 942 |
|
|
|c BOOK
|
| 999 |
0 |
|
|a Civil Law
|